000 01752nam0a2200409 4500
001 RU\NLR\BIBL_A\022301141
005 20260420013429.0
010 _a978-5-94396-278-3
_9300
021 _aRU
_bКН-П-24-037310
_9КН-П-24-3738
035 _a(NLR Aleph) 022301141
090 _a13662903
_c13662903
100 _a20240816d2024 k y0rusy50 ca
101 1 _arus
_cfre
102 _aRU
105 _aach z 000yd
181 0 _ai3
_baxxe
182 0 _an
200 1 _aНиколя Фламель. Его жизнь - его постройки - его сочинения
_fАльберт Пуассон
_gперевод [с французского] А. С. Никулиной
203 _aТекст
_bвизуальный
_cнепосредственный
210 _aСанкт-Петербург
_cАкадемия исследования культуры
_d2024
215 _a214, [1] с.
_cил., портр., факс.
_d18
225 1 _aLibrarium Aureum
_iOpus Minus
300 _aЗагл. обл. и корешка: Николя Фламель
300 _aНа обл. авт. не указан
320 _aБиблиогр. в подстроч. примеч.
333 _a16+
512 1 _aНиколя Фламель
600 1 _aФламель
_bН.
_f1330 - 1418
_gНиколя
_92220041
_3RU\NLR\AUTH\6601566333
686 1 _aЭ391,0
686 1 _aГ.г(0)41
686 1 _aГ.д(3)Фламель
700 1 _7ca
_8rus
_aПуассон
_bА.
_f1868-1894
_gАльберт
_9244388
_3RU\NLR\AUTH\770244444
702 1 _4280
_7ca
_8rus
_aФламель
_bН.
_f1330-1418
_gНиколас
_9141797
_3RU\NLR\AUTH\770141833
942 _cBOOK
980 _aNB